000 00692cam a22002293a 4500
001 17837
003 PGUSA
005 20140828083359.0
008 060223s2006||||xxu|||||s|||||000 1 eng d
040 _aPGUSA
_beng
042 _adc
050 4 _aPQ
100 1 _aGuerrazzi, Francesco Domenico,
_d1804-1873
245 1 0 _aBeatrice Cenci :
_bStoria del secolo XVI
_h[electronic resource] /
_cFrancesco Domenico Guerrazzi
260 _bProject Gutenberg,
_c2006
506 _aPublic domain in the USA.
516 _aElectronic text
653 _aCenci, Beatrice, 1577-1599 -- Fiction
830 0 _aProject Gutenberg
_v17837
856 4 0 _uhttp://www.gutenberg.org/ebooks/17837
942 _cEB
999 _c247092
_d247092